[Event "FIDE Moscow Grand Prix 2017"]
[Site "Moscow"]
[Date "2017.05.18"]
[Round "6"]
[White "Adams, Michael"]
[Black "Inarkiev, Ernesto"]
[Result "1-0"]
[WhiteElo "2747"]
[BlackElo "2727"]
[Annotator "TA"]
[PlyCount "83"]
[EventDate "2017.??.??"]
[EventType "tourn"]
[EventCountry "RUS"]
[SourceTitle "playchess.com"]
[Source "ChessBase"]
[SourceQuality "1"]

{[%evp 16,83,9,-3,12,0,0,0,0,3,0,0,8,10,34,32,45,46,72,65,63,20,31,18,25,37,30,21,27,30,44,19,120,111,119,89,120,118,213,149,281,284,297,292,335,343,404,384,579,629,1602,1114,1397,1376,1320,950,1729,1672,1678,1666,1506,1455,29975,29975,29992,29983,29983,29984,29983,5892]} 1. e4 e5 2. Nf3 Nc6 3. Bb5 {[%cal Bf1b5,Bb5a4,Ba4b3,Bb3d5][%mdl 32]} a6 4. Ba4 Nf6 5. O-O Be7 6. d3 b5 {[%cal Bb7b5,Bb5b4][%mdl 32]} 7. Bb3 d6 8. a3 {[%cal Ba2a3,Ba3a4][%mdl 32]} O-O 9. Nc3 Nb8 {C77: Ruy Lopez: 3...a6 4 Ba4 Nf6, unusual lines} 10. a4 (10. Ne2 Nbd7 11. c3 Bb7 12. Ng3 c5 13. Re1 Rc8 14. Nf5 c4 15. dxc4 Bxe4 16. Nxe7+ Qxe7 17. cxb5 axb5 {1-0 (42) Kramnik,V (2811)-Harikrishna,P (2755) Shamkir 2017}) 10... b4 $1 {[%cal Rb4c3]} 11. Nd5 Nxd5 {The position is equal.} 12. Bxd5 c6 13. Bb3 Nd7 14. Be3 {[#]} Bb7 $146 ({Predecessor:} 14... a5 15. h3 Qc7 16. Nd2 Kh8 17. Kh1 {1-0 (93) Morovic Fernandez,I (2572)-Bacallao Alonso,Y (2554) Varadero 2016}) 15. a5 d5 16. d4 dxe4 17. Nxe5 Nf6 18. Qe2 Qc7 19. Bf4 {Hoping for Ng6!} Bd6 $1 20. Bg3 $36 {[%mdl 2048] Black is under pressure.} c5 21. c3 {[%cal Bc2c3,Bc3d4][%mdl 32]} Rac8 22. Rfd1 g6 23. Qe3 cxd4 (23... bxc3 $11 24. bxc3 Bd5) 24. cxd4 $16 ({Don't play} 24. Qxd4 $6 Bc5 $11) 24... Nd5 25. Qh6 Qe7 26. Re1 f5 (26... Rcd8 $16 {might work better.} 27. Rac1 (27. Rxe4 f6 $16) 27... Nf6) 27. f3 Bxe5 (27... f4 $16 {keeps fighting.}) 28. Bxe5 $18 ({Less strong is} 28. dxe5 f4 $16) 28... exf3 29. gxf3 Rfe8 30. Rac1 Qf8 31. Qg5 Qf7 (31... Re6 $142 32. Rxc8 Qxc8) 32. Kf2 h5 33. Bd6 Rxe1 34. Rxe1 Re8 35. Rc1 Re6 36. Bxd5 Bxd5 37. Rc8+ Re8 38. Rc7 Qe6 39. Be5 {White mates.} Rc8 40. Rg7+ Kf8 41. Qh6 Rc2+ 42. Kg1 {Precision: White = 82%, Black = 28%.} (42. Ke1 $142 b3 43. Qh8+ Qg8 44. Rxg8+ Bxg8 45. Qg7+ Ke8 46. Qxg8+ Ke7 47. Qxb3) 1-0

[Event "FIDE Moscow Grand Prix 2017"]
[Site "Moscow"]
[Date "2017.05.18"]
[Round "6"]
[White "Gelfand, Boris"]
[Black "Harikrishna, Pentala"]
[Result "1-0"]
[WhiteElo "2724"]
[BlackElo "2750"]
[Annotator "TA"]
[PlyCount "103"]
[EventDate "2017.??.??"]
[EventType "tourn"]
[EventCountry "RUS"]
[SourceTitle "playchess.com"]
[Source "ChessBase"]
[SourceQuality "1"]

{[%evp 15,103,18,20,14,17,14,14,14,21,16,23,14,15,0,22,22,22,23,29,29,22,24,33,27,23,26,39,21,15,28,22,8,112,107,120,109,178,150,143,156,208,220,230,228,212,193,200,204,250,204,254,257,251,252,255,235,242,254,254,168,168,157,166,0,71,0,167,160,153,143,134,135,337,311,387,370,442,420,444,433,459,0,415,387,377,362,627,624,519,194]} 1. d4 Nf6 2. c4 e6 3. Nf3 d5 4. g3 Be7 5. Bg2 O-O 6. O-O dxc4 7. Qc2 a6 8. a4 Bd7 9. Bg5 {E05: Open Catalan: 5 Nf3 Be7} Bc6 10. Rd1 Nbd7 11. Nbd2 {The position is equal.} h6 12. Bxf6 Nxf6 13. Nxc4 Be4 {[#]} 14. Qc1 $146 ({Predecessor:} 14. Qb3 a5 15. Nfe5 Bd5 16. Rac1 Re8 {½-½ (59) Grischuk,A (2742)-Adams,M (2751) Sharjah 2017}) 14... a5 15. Nfe5 Bxg2 16. Kxg2 c6 17. Qc2 Qc7 18. Rac1 Rfd8 19. Qb3 Bf8 20. Qf3 Rac8 21. e4 b5 22. Ne3 {aiming for axb5.} Qb7 23. b3 c5 (23... Bb4 $11) 24. d5 $36 {[%mdl 2048] Keeping Black busy.} exd5 25. Nxd5 Rd6 (25... bxa4 $16 26. bxa4 (26. Nxf6+ gxf6 27. Ng4 axb3 $11) 26... Qa6) 26. axb5 $18 Qxb5 {[#]} 27. Nxf7 $1 Kxf7 (27... Rxd5 $16 {might work better.} 28. Nxh6+ (28. exd5 Kxf7 29. Qf5 Rd8 $11) (28. Rxd5 Nxd5 29. Nxh6+ gxh6 $16) 28... gxh6 29. exd5 Bg7) 28. e5 Re6 29. exf6 g6 30. Re1 Qc6 31. Rxe6 Qxe6 32. Ra1 Qf5 33. Rxa5 Qxf3+ 34. Kxf3 {[%mdl 4096] Endgame KRB-KRN} Rb8 35. Ke4 Rxb3 36. Ra7+ Ke6 37. Nf4+ Kxf6 38. Ra6+ Kf7 39. Ra7+ (39. Nxg6 $18 Bg7 40. Ne5+ Bxe5 41. Kxe5) 39... Kf6 $1 $16 40. Ra6+ (40. Nd5+ $16 Ke6 41. Nf4+ Kf6) 40... Kf7 $18 41. Nxg6 Bg7 42. f4 Rb2 43. h4 {[%cal Bh2h4,Bh4h5][%mdl 32]} Rg2 $2 (43... c4 $16 {was called for.} 44. h5 Re2+ 45. Kf3 Rh2 46. Ra7+ Kg8 47. Ne7+ Kh8) 44. Kf3 Rg1 {[#]} 45. h5 $1 c4 46. Ra7+ Kg8 47. Ne7+ Kf8 48. Ng6+ Kg8 49. Rc7 Rc1 50. Ne7+ Kf8 $2 (50... Kh8 51. Nf5 c3 52. Nxg7 c2) 51. Nf5 Bb2 52. Rc8+ {Precision: White = 69%, Black = 53%.} 1-0

[Event "FIDE Moscow Grand Prix 2017"]
[Site "Moscow"]
[Date "2017.05.18"]
[Round "6"]
[White "Radjabov, Teimour"]
[Black "Mamedyarov, Shakhriyar"]
[Result "1/2-1/2"]
[WhiteElo "2710"]
[BlackElo "2772"]
[Annotator "TA"]
[PlyCount "40"]
[EventDate "2017.??.??"]
[EventType "tourn"]
[EventCountry "RUS"]
[SourceTitle "playchess.com"]
[Source "ChessBase"]
[SourceQuality "1"]

{[%evp 23,40,18,31,11,19,16,16,0,2,0,0,0,0,0,0,0,0,0,4]} 1. d4 d5 2. c4 c6 3. Nc3 Nf6 4. e3 e6 5. Nf3 Nbd7 6. Qc2 Bd6 7. Bd3 O-O 8. O-O e5 9. cxd5 cxd5 10. e4 exd4 11. Nxd5 Nxd5 12. exd5 h6 13. b3 {D46: Semi-Slav: 5 e3 Nbd7 6 Bd3, Black avoids the Meran} Nb6 {The position is equal.} 14. Bb2 Nxd5 15. Qc4 Nb4 {[#]} 16. Rfd1 $146 ({Weaker is} 16. Bxd4 Bg4 $17) ({Much weaker is} 16. Qxd4 Bxh2+ 17. Kxh2 Qxd4 $17) (16. Be4 {is interesting.} Re8 17. Rae1 Be6 18. Qxd4 Bf8 19. Bxb7 Rb8 20. Be4) ({Predecessor:} 16. Rad1 Nxd3 17. Rxd3 Qb6 18. Bxd4 Qb4 19. Qxb4 Bxb4 20. Bc3 Bf5 {½-½ (85) Wang,H (2717)-Ding,L (2766) Huaian 2016}) 16... Nxd3 17. Qxd3 Bc5 18. Bxd4 Bxd4 19. Qxd4 Qxd4 20. Nxd4 Bd7 1/2-1/2

[Event "FIDE Moscow Grand Prix 2017"]
[Site "Moscow"]
[Date "2017.05.18"]
[Round "6"]
[White "Tomashevsky, Evgeny"]
[Black "Giri, Anish"]
[Result "1/2-1/2"]
[WhiteElo "2696"]
[BlackElo "2785"]
[Annotator "TA"]
[PlyCount "61"]
[EventDate "2017.??.??"]
[EventType "tourn"]
[EventCountry "RUS"]
[SourceTitle "playchess.com"]
[Source "ChessBase"]
[SourceQuality "1"]

{[%evp 18,61,22,20,44,0,0,0,20,20,14,5,12,12,17,3,63,37,57,56,59,71,137,109,113,121,106,103,113,68,57,57,57,57,57,57,61,57,137,57,57,57,57,57,97,29]} 1. d4 Nf6 2. c4 e6 3. g3 c5 4. d5 exd5 5. cxd5 d6 6. Nc3 g6 7. Bg2 Bg7 8. Nf3 {[%cal Bg1f3,Bf3d2,Bd2c4][%mdl 32]} O-O 9. O-O Re8 10. Bf4 Bf5 {A62: Modern Benoni: Fianchetto Variation without early ...Nbd7} 11. Bg5 $146 (11. Nh4 {with more complications.} Bg4 12. Qd2 Na6 13. Rfe1 Qb6 14. e4) ({Predecessor:} 11. Nh4 Bc8 12. Qd2 Na6 13. Rfe1 b5 14. Nxb5 Ne4 15. Bxe4 Rxe4 16. Nxd6 Rd4 17. Qe3 Nc7 18. Nxc8 Nxd5 {1-0 (51) Xiong,J (2674)-Cordova,E (2655) Saint Louis 2017}) 11... h6 12. Bxf6 Qxf6 {The position is equal.} 13. Nd2 Qe7 14. e4 Bd7 15. a4 Na6 16. Nc4 Nc7 (16... Nb4 $11) 17. f4 $36 {[%cal Bf2f4,Bf4e5][%mdl 2080] [#] Black must now prevent e5! White has the initiative.} b5 18. axb5 Bd4+ 19. Kh1 Nxb5 {[#]} (19... Bxc3 $142 20. bxc3 Bxb5) 20. e5 $1 $16 {[%mdl 512]} dxe5 21. fxe5 {Threatens to win with Ne4.} Nxc3 22. bxc3 Bxc3 23. d6 Qe6 24. Bd5 Bxa1 25. Bxe6 Bxe6 26. Qxa1 Bxc4 27. Rc1 Bd5+ 28. Kg1 {[%mdl 1024] White has strong compensation.} c4 $1 29. Qa5 Be6 30. Rb1 Rec8 31. Rb7 {Precision: White = 75%, Black = 71%.} (31. Kf2 $16) 1/2-1/2

[Event "FIDE Moscow Grand Prix 2017"]
[Site "Moscow"]
[Date "2017.05.18"]
[Round "6"]
[White "Salem, A R  Saleh"]
[Black "Hou, Yifan"]
[Result "1/2-1/2"]
[WhiteElo "2633"]
[BlackElo "2652"]
[Annotator "TA"]
[PlyCount "72"]
[EventDate "2017.??.??"]
[EventType "tourn"]
[EventCountry "RUS"]
[SourceTitle "playchess.com"]
[Source "ChessBase"]
[SourceQuality "1"]

{[%evp 21,72,0,25,18,20,18,20,15,31,20,32,16,26,33,19,15,30,39,54,62,68,67,63,50,66,54,66,40,53,25,37,6,14,0,8,-89,-82,-84,0,0,0,0,0,0,0,0,10,0,0,0,0,0,8]} 1. d4 Nf6 2. c4 e6 3. Nf3 d5 4. Nc3 c5 5. cxd5 Nxd5 6. e4 Nxc3 7. bxc3 cxd4 8. cxd4 Bb4+ 9. Bd2 Bxd2+ 10. Qxd2 O-O 11. Bc4 Nd7 12. O-O {D41: Queen's Gambit Declined: Semi-Tarrasch with 5 cxd5} b6 13. a4 Bb7 14. Rfe1 Nf6 15. Bd3 h6 16. a5 bxa5 17. Rxa5 Qc7 {[#]} 18. Ne5 $146 {[%cal Bf3e5,Be5c4,Bc4e3,Be3c2][%mdl 32]} (18. Rc5 $5 {[%cal Rc5c7]} Qd8 19. Qb4 $16) ({Predecessor:} 18. Qb4 Rfb8 19. Qa3 Rc8 {½-½ (59) Svidler,P (2755)-Kramnik,V (2811) Sochi 2017}) 18... Rfc8 19. f3 Qd8 20. Bf1 Nd7 21. Nc4 Nb6 22. Ne3 Rc7 23. Rea1 Rd7 24. Nc2 Nc8 25. Bb5 Rd6 26. Qb4 Rb8 27. Bd3 Ne7 {Strongly threatening ...Nc6.} 28. Rb5 {[#]} (28. Qc3 $11) 28... a6 $1 $17 {[%cal Ra6b5]} 29. e5 Rc6 ({Black should play} 29... Rxd4 $1 $17 30. Nxd4 axb5 31. Bxb5 Ng6) 30. Rxb7 $11 {The position is equal.} Rxb7 31. Qxb7 Rxc2 $1 32. Qe4 ({Don't play} 32. Qxa6 Qxd4+ 33. Kh1 Rc8 $17) 32... Rc8 33. Rxa6 Nf5 34. Kf2 (34. d5 $5 Rc1+ 35. Kf2 $14) 34... Qxd4+ 35. Qxd4 Nxd4 36. Be4 g6 {Precision: White = 58%, Black = 66%.} 1/2-1/2

[Event "FIDE Moscow Grand Prix 2017"]
[Site "Moscow"]
[Date "2017.05.18"]
[Round "6"]
[White "Hammer, Jon Ludvig"]
[Black "Vallejo Pons, Francisco"]
[Result "1/2-1/2"]
[WhiteElo "2621"]
[BlackElo "2710"]
[Annotator "TA"]
[PlyCount "68"]
[EventDate "2017.??.??"]
[EventType "tourn"]
[EventCountry "RUS"]
[SourceTitle "playchess.com"]
[Source "ChessBase"]
[SourceQuality "1"]

{[%evp 9,68,21,12,27,24,10,24,25,24,29,27,12,10,10,19,22,16,17,26,24,24,24,10,7,52,22,30,24,24,20,16,18,15,14,24,16,28,17,1,0,0,0,0,0,0,0,0,0,0,0,0,0,0,0,0,0,0,0,0,0,0]} 1. c4 Nf6 2. g3 e5 3. Bg2 h6 (3... d5 4. cxd5 Nxd5 5. Nf3 Nc6 6. O-O Nb6 7. b3 Bd6 8. Bb2 O-O 9. Nc3 Re8 10. Ne4 Bf8 11. d3 f5 12. Ned2 e4 13. Ne1 e3 14. fxe3 Rxe3 {½-½ (28) Adams,M (2751)-Vachier Lagrave,M (2796) Sharjah 2017}) 4. Nf3 e4 5. Nd4 Nc6 6. Nc2 {A20: English Opening: 1...e5} d5 7. cxd5 Qxd5 8. Nc3 {White has an edge.} Qe6 9. d4 {[#] And now d5 would win.} exd3 $1 10. Qxd3 Bd6 $146 (10... Ne5 $5 {[%cal Re5d3]} 11. Qd1 Bc5 $11) ({Predecessor:} 10... Bc5 11. Be3 {½-½ (53) Bellmann,H (2476)-Pauwels,C (2555) ICCF email 2011}) 11. Nb5 O-O 12. Nxd6 Rd8 13. Bf4 Nh5 14. Be3 {[#] Strongly threatening Qb5.} Rxd6 15. Qb5 Qg6 16. Nb4 Nd4 17. Bxd4 Rxd4 18. Nd5 {aiming for Ne7+.} Qd6 {Threatens to win with ...c6.} 19. Qe8+ Kh7 20. Qxf7 Be6 21. Qxh5 Bxd5 22. Bxd5 Rxd5 23. Qf3 Qb4+ {The position is equal.} 24. Kf1 Rd2 25. Rc1 c6 26. Rc2 Rxc2 27. Qd3+ Kh8 28. Qxc2 $11 {[%mdl 4096] Endgame KQR-KQR} Rd8 29. b3 Rd2 30. Qf5 Rxa2 31. Qc8+ Kh7 32. Qf5+ Kh8 33. Qc8+ Kh7 {( -> ...Qe4)} 34. Qf5+ Kh8 {Precision: White = 80%, Black = 86%.} 1/2-1/2

[Event "FIDE Moscow Grand Prix 2017"]
[Site "Moscow"]
[Date "2017.05.19"]
[Round "7"]
[White "Vachier-Lagrave, Maxime"]
[Black "Radjabov, Teimour"]
[Result "1/2-1/2"]
[WhiteElo "2795"]
[BlackElo "2710"]
[Annotator "TA"]
[PlyCount "37"]
[EventDate "2017.??.??"]
[EventType "tourn"]
[EventCountry "RUS"]
[SourceTitle "playchess.com"]
[Source "ChessBase"]
[SourceQuality "1"]

{[%evp 26,37,20,8,0,0,0,-16,-12,-5,-12,-12,-14,-12]} 1. e4 c5 2. Nf3 Nc6 3. Nc3 g6 4. d4 cxd4 5. Nxd4 Bg7 6. Be3 Nf6 7. Bc4 O-O 8. Bb3 d6 9. f3 Bd7 10. Qd2 Nxd4 11. Bxd4 b5 12. h4 a5 13. a4 bxa4 14. Nxa4 {The position is equal.} h5 {B77: Sicilian Dragon: Yugoslav Attack, 9 Bc4 sidelines} 15. Nb6 Ra6 16. Nxd7 Nxd7 {[#]} 17. Bxg7 $146 ({Predecessor:} 17. Bc4 Ra8 18. Bd5 Bxd4 19. Qxd4 Rb8 20. b3 Qc7 21. O-O Nb6 22. Rf2 {½-½ (46) Nepomniachtchi,I (2714)-Grischuk,A (2795) Sochi 2014}) 17... Kxg7 18. Bc4 Ra8 19. Qd4+ 1/2-1/2

[Event "FIDE Moscow Grand Prix 2017"]
[Site "Moscow"]
[Date "2017.05.19"]
[Round "7"]
[White "Nakamura, Hikaru"]
[Black "Ding, Liren"]
[Result "1/2-1/2"]
[WhiteElo "2786"]
[BlackElo "2773"]
[Annotator "TA"]
[PlyCount "119"]
[EventDate "2017.??.??"]
[EventType "tourn"]
[EventCountry "RUS"]
[SourceTitle "playchess.com"]
[Source "ChessBase"]
[SourceQuality "1"]

{[%evp 28,119,0,0,0,0,0,0,0,-2,0,0,0,0,0,0,0,0,0,0,0,0,-9,0,-5,-15,0,0,11,0,12,14,17,8,16,11,7,1,30,21,36,27,39,35,54,8,6,8,11,0,0,0,0,0,96,96,96,0,0,0,96,96,96,96,96,96,96,96,96,90,90,72,96,96,96,96,96,96,96,90,90,32,89,89,104,104,104,104,104,0,104,0,104,0]} 1. d4 Nf6 2. c4 e6 3. Nf3 d5 4. Nc3 c5 5. cxd5 Nxd5 6. e4 Nxc3 7. bxc3 cxd4 8. cxd4 Bb4+ 9. Bd2 Bxd2+ 10. Qxd2 O-O 11. Be2 b6 12. O-O Bb7 13. Qe3 Nc6 14. Rfd1 Rc8 {D41: Queen's Gambit Declined: Semi-Tarrasch with 5 cxd5} 15. Rac1 {LiveBook: 3 Games} Qd6 16. h4 $146 ({Predecessor:} 16. h3 Rfd8 17. a3 Na5 18. Ne5 Rxc1 19. Rxc1 f6 20. Nf3 Qd7 21. Qf4 Rc8 {½-½ (35) Mazzilli,P (2358)-Gilevich,A (2423) Gallipoli 2017}) 16... Rfd8 {The position is equal.} 17. a3 h6 18. h5 Ne7 19. Rxc8 Rxc8 20. Ne5 {[%cal Bf3e5,Be5d3,Bd3c5][%mdl 32]} Rc7 21. Bf3 b5 22. Qb3 (22. d5 $5 Qxe5 23. d6 $11) 22... a6 23. Qb4 Nc8 24. Nd3 Rc4 25. Qxd6 Nxd6 26. Nc5 {[#] Black must now prevent Be2.} Bc8 27. Be2 {Hoping for e5.} Rc3 28. a4 bxa4 29. Nxa4 Rc7 30. Nc5 Nb5 31. Bxb5 axb5 $11 {[%mdl 4096] Endgame KRB-KRN} 32. f4 Ra7 33. Rb1 Bd7 34. d5 exd5 35. exd5 {[%cal Be4d5,Bd5d6][%mdl 32]} Bg4 36. d6 Ra2 37. Rxb5 Rd2 38. Rb8+ Kh7 39. Rd8 Bxh5 40. Nd7 {[#] And now Nf8+ would win.} Rxd6 (40... Kg6 $11) 41. Nf8+ $16 Kg8 42. Nd7+ Kh7 43. Nf8+ Kg8 44. Rxd6 Kxf8 {KR-KB} 45. f5 Bg4 46. f6 gxf6 47. Rxf6 h5 48. Kf2 Kg7 49. Rb6 f6 50. Ke3 Kf7 51. g3 Ke7 52. Kd4 Kf7 53. Kd5 Bf3+ 54. Kd6 ({White should play} 54. Kc4 $16) 54... Bg4 ({Better is} 54... Kg6 $14) 55. Rb7+ Kf8 56. Ra7 Ke8 57. Re7+ Kf8 58. Ra7 Ke8 59. Re7+ Kf8 $1 60. Ra7 {Precision: White = 68%, Black = 70%.} (60. Rc7 $16) 1/2-1/2

[Event "FIDE Moscow Grand Prix 2017"]
[Site "Moscow"]
[Date "2017.05.19"]
[Round "7"]
[White "Giri, Anish"]
[Black "Salem, A R  Saleh"]
[Result "1-0"]
[WhiteElo "2785"]
[BlackElo "2633"]
[Annotator "TA"]
[PlyCount "131"]
[EventDate "2017.??.??"]
[EventType "tourn"]
[EventCountry "RUS"]
[SourceTitle "playchess.com"]
[Source "ChessBase"]
[SourceQuality "1"]

{[%evp 9,131,23,23,23,25,26,29,22,23,33,28,23,22,27,24,25,16,23,48,41,41,41,47,41,64,49,60,63,84,78,108,100,109,95,95,101,126,102,241,238,243,237,260,235,248,234,258,258,319,304,333,171,178,172,177,166,216,97,97,83,104,95,112,55,59,16,20,20,22,25,86,80,104,77,212,212,210,201,197,216,204,201,208,210,193,156,179,156,197,184,183,183,372,378,370,0,137,0,368,360,536,536,995,1288,1246,1220,1166,1135,9512,5720,29949,29950,29952,29954,29954,29955,29952,29954,29954,29956,29942,12812,29963,29963]} 1. e4 c6 2. d4 d5 3. e5 Bf5 4. Nd2 e6 5. Nb3 c5 6. dxc5 {B12: Caro-Kann: Advance Variation} Bxc5 7. Nxc5 Qa5+ 8. c3 {White has an edge.} Qxc5 9. Be3 Qc7 10. f4 Ne7 11. Be2 O-O 12. Nf3 Nbc6 13. O-O {[#]} Na5 $146 ({Predecessor:} 13... Be4 14. Nd2 Bg6 15. Nb3 Na5 16. Nxa5 {½-½ (16) Rublevsky,S (2688)-Dreev,A (2654) Warsaw 2012}) 14. Bf2 a6 15. Rc1 Rac8 16. b3 Nac6 17. Qd2 Rfd8 18. b4 Be4 19. a4 Nf5 20. g4 Nfe7 21. Ng5 Bg6 22. Bc5 Rd7 23. Nf3 Na5 (23... Be4 $16) 24. Nd4 $1 $18 ({Not} 24. Bxe7 $2 Nb3 $19) 24... Nc4 25. Bxc4 $1 dxc4 26. Bxe7 Rxe7 27. f5 exf5 28. gxf5 Bh5 29. Qg5 g6 30. e6 (30. f6 $142 Qxe5 31. Qg2 Qe3+ 32. Kh1) 30... f6 31. Qxf6 Rg7 32. Rc2 $1 {[%cal Rc2g2]} Bg4 33. Qh4 (33. Re1 $1 $18 {is the precise move to win.} Bxf5 34. e7 $1 {[%mdl 512]} (34. Nxf5 gxf5+ 35. Rg2 Rf8 $16)) 33... Bxf5 $16 34. Rg2 ({Much worse is} 34. Nxf5 $6 gxf5+ 35. Rg2 Qb6+ 36. Qf2 Qxe6 $11) 34... Re8 35. Re1 a5 36. bxa5 $40 {[%mdl 128] White has some attack.} (36. Nxf5 $16 gxf5 37. e7) 36... Qxa5 $14 37. Nxf5 Qxf5 38. Qxc4 {Hoping for Rf1.} Rge7 39. Rf2 Qa5 (39... Qg5+ $11 40. Kh1 Rd8) 40. Rf7 $1 $16 {Strongly threatening Qd4.} Qb6+ 41. Kg2 Qc6+ (41... Qd6 $16 {keeps fighting.}) 42. Qxc6 $18 bxc6 43. Rxe7 Rxe7 {[%mdl 4096] Endgame KR-KR} 44. Kf3 Kf8 45. a5 Ra7 46. Re5 $1 Ke7 47. Ke4 Rb7 48. Kd3 Rb1 49. Kc2 Ra1 50. Kb2 Ra4 $2 (50... Rf1 51. Kb3 Rb1+ 52. Ka2 Rf1) 51. Kb3 Ra1 52. Kb2 $2 (52. c4 $18) 52... Ra4 $16 53. Kb3 $2 (53. h4 $1 $16) 53... Ra1 $18 {[#]} 54. c4 $1 h6 (54... g5 $142 55. Rxg5 Kxe6) 55. Kb4 g5 56. Re3 c5+ 57. Kb5 g4 58. h3 gxh3 59. Rxh3 Kxe6 60. Rxh6+ Kd7 61. a6 Kc7 {[#]} 62. Rh8 $1 Kd6 63. a7 Rxa7 64. Rh6+ Ke5 65. Kxc5 Ra8 66. Kb6 {Precision: White = 78%, Black = 43%.} 1-0

[Event "FIDE Moscow Grand Prix 2017"]
[Site "Moscow"]
[Date "2017.05.19"]
[Round "7"]
[White "Mamedyarov, Shakhriyar"]
[Black "Grischuk, Alexander"]
[Result "1/2-1/2"]
[WhiteElo "2772"]
[BlackElo "2750"]
[Annotator "TA"]
[PlyCount "32"]
[EventDate "2017.??.??"]
[EventType "tourn"]
[EventCountry "RUS"]
[SourceTitle "playchess.com"]
[Source "ChessBase"]
[SourceQuality "1"]

{[%evp 15,28,16,15,11,18,14,21,14,21,0,10,0,0,0,0]} 1. d4 Nf6 2. c4 e6 3. Nf3 b6 4. g3 Bb7 5. Bg2 Bb4+ 6. Bd2 Be7 7. Nc3 c6 8. e4 d5 {The position is equal.} 9. exd5 {E16: Queen's Indian: 4 g3 Bb7 5 Bg2 Bb4+} cxd5 10. Ne5 O-O $1 11. O-O Nc6 12. cxd5 Nxe5 13. dxe5 (13. d6 Nc6 14. dxe7 Qxe7 15. Bg5 h6 16. d5 Na5 {0-1 (57) Vidit,S (2686)-Eljanov,P (2741) Douglas 2016}) 13... Nxd5 14. Rc1 Nxc3 {Predecessor:} 15. Bxc3 $146 Bxg2 16. Kxg2 Qc8 {½-½ (26) Bogdanovski,V (2388)-Petrosyan,M (2546) Skopje 2017} 1/2-1/2

[Event "FIDE Moscow Grand Prix 2017"]
[Site "Moscow"]
[Date "2017.05.19"]
[Round "7"]
[White "Svidler, Peter"]
[Black "Gelfand, Boris"]
[Result "1/2-1/2"]
[WhiteElo "2755"]
[BlackElo "2724"]
[Annotator "TA"]
[PlyCount "59"]
[EventDate "2017.??.??"]
[EventType "tourn"]
[EventCountry "RUS"]
[SourceTitle "playchess.com"]
[Source "ChessBase"]
[SourceQuality "1"]

{[%evp 27,59,0,0,0,0,0,0,0,0,0,0,0,0,0,25,6,4,8,23,23,23,23,23,18,14,14,25,35,16,0,10,18,18,0]} 1. d4 Nf6 2. c4 e6 3. Nf3 d5 4. Nc3 c6 5. e3 Nbd7 6. Qc2 Bd6 7. b3 O-O 8. Be2 b6 9. O-O Bb7 10. Bb2 Qe7 11. Rad1 Rad8 12. Rfe1 Rfe8 13. Bf1 {D45: Semi-Slav: 5 e3} e5 14. dxe5 Nxe5 {LiveBook: 11 Games} 15. Nd4 dxc4 16. Nf5 Qe6 {Threatens to win with ...Nd3!} 17. Nxd6 Rxd6 {[#]} 18. Rxd6 $146 ({Predecessor:} 18. bxc4 Rxd1 19. Nxd1 c5 20. e4 Bxe4 21. Rxe4 Nxe4 22. Qxe4 Nxc4 {½-½ (39) Van Wely,L (2641)-Anand,V (2790) Wijk aan Zee 2010}) 18... Qxd6 19. Rd1 cxb3 20. axb3 Qb8 {[#] White must now prevent ...Nfg4.} 21. Ne4 Nxe4 22. Qxe4 f6 23. Bxe5 Rxe5 24. Bc4+ Kh8 25. Qd4 {Black should prevent Bf7.} Re7 26. Qd8+ Re8 27. Qd7 Qc8 28. Qf7 {The position is equal.} Rf8 29. Qe7 Re8 30. Qf7 1/2-1/2